Výročná zpráva Revírnej bratskej pokladnice pre Slovensko a Podkarpatskú Rus v Bratislave

Bibliographic Details
Format: Serial
Language:Slovak
PhysicalDescription:zv. cm
Published: Bratislava Slovenská Grafia [1926-1940]
Subjects:

MARC

LEADER 00000cas a2200000 a 4500
001 vtls001354208
003 SK-MaSNL
005 20260228160104.0
008 180126d19251939xo ar 0 0 0slo
035 |a SNK000307638 
040 |a SNK  |b slo  |c SNK  |e AACR2 
041 0 |a slo 
044 |a xo  |c SK 
072 7 |a 364.3  |x Sociálne poistenie. Zdravotné poistenie. Dôchodky  |2 konspekt 
080 |a 364.3  |2 2011 
080 |a (047.1)  |2 2011 
080 |a 050  |2 2011 
245 0 0 |a Výročná zpráva  |b Revírnej bratskej pokladnice pre Slovensko a Podkarpatskú Rus v Bratislave 
260 |a Bratislava  |b Slovenská Grafia  |c [1926-1940] 
300 |a zv.  |c cm 
310 |a 1x ročne 
362 0 |a [1925-1939] 
650 0 7 |a sociálne poistenie  |2 SNKPH  |9 29221 
655 7 |a výročné správy  |2 SNKPH  |9 70580 
910 |a snk 
999 |c 1402  |d 3332 
952 |0 0  |1 0  |4 0  |7 0  |8 1  |a SNK  |b SNK  |d 1999-02-03  |i snkD 206/99  |l 0  |o snkČSB 4817/1936  |p 17A0177897  |r 2005-01-02 00:00:00  |w 2026-02-21  |y PREZ 
952 |0 0  |1 0  |4 0  |7 0  |8 1  |a SNK  |b SNK  |d 1999-02-03  |i snkD 207/99  |l 0  |o snkČSB 4817/1936 D1  |p 17A0177895  |r 2005-01-02 00:00:00  |w 2026-02-21  |y PREZ 
952 |0 0  |1 0  |4 0  |7 0  |8 1  |a SNK  |b SNK  |d 1999-02-03  |i snkD 208/99  |l 0  |o snkČSB 4817/1939  |p 17A0177896  |r 2005-01-02 00:00:00  |w 2026-02-21  |y PREZ